书目信息 |
| 题名: |
现代职业礼仪
|
|
| 作者: | 雷敏 , 张开江 主编 | |
| 分册: | ||
| 出版信息: | 成都 电子科技大学出版社 2008.01 |
|
| 页数: | 228页 | |
| 开本: | 26cm | |
| 丛书名: | ||
| 单 册: | ||
| 中图分类: | K891.26 | |
| 科图分类: | ||
| 主题词: | 礼仪--li yi--高等学校--教材 | |
| 电子资源: | ||
| ISBN: | 978-7-81114-529-8 | |
| 000 | 00960nam0 2200265 450 | |
| 001 | 012008714262 | |
| 005 | 20080425134318.73 | |
| 010 | @a978-7-81114-529-8@dCNY20.00 | |
| 100 | @a20080425d2008 em y0chiy0120 ea | |
| 101 | 0 | @achi |
| 102 | @aCN@b510000 | |
| 105 | @ay a 000yy | |
| 106 | @ar | |
| 200 | 1 | @a现代职业礼仪@Axian dai zhi ye li yi@f雷敏, 张开江主编@Flei min,zhang kai jiang zhu bian |
| 210 | @a成都@c电子科技大学出版社@d2008.01 | |
| 215 | @a228页@d26cm | |
| 300 | @a高等职业教育文秘专业国家“十一五”规划教材 | |
| 320 | @a有书目 (第228页) | |
| 330 | @a本书结合多所高职高专院校的教学经验和礼仪课程的教学实践,参考了大量有关国内外礼仪方面的书籍和资料,分析、归纳、总结了中外礼仪方面新老知识,收集较多的案例来进行讲解。 | |
| 606 | 0 | @a礼仪@Ali yi@x高等学校@j教材 |
| 690 | @aK891.26@v4 | |
| 701 | 0 | @a雷敏@Alei min@4主编 |
| 701 | 0 | @a张开江@Azhang kai jiang@4主编 |
| 801 | 0 | @aCN@bQSSK@c20080425 |
| 905 | @b295811-13@dK891.26@eL085@f3 | |
| 现代职业礼仪/雷敏, 张开江主编.-成都:电子科技大学出版社,2008.01 |
| 228页;26cm |
| 高等职业教育文秘专业国家“十一五”规划教材 |
| ISBN 978-7-81114-529-8:CNY20.00 |
| 本书结合多所高职高专院校的教学经验和礼仪课程的教学实践,参考了大量有关国内外礼仪方面的书籍和资料,分析、归纳、总结了中外礼仪方面新老知识,收集较多的案例来进行讲解。 |
| ● |
| 相关链接 |
|
|
|
正题名:现代职业礼仪
索取号:K891.26/L085
 
预约/预借
| 序号 | 登录号 | 条形码 | 馆藏地/架位号 | 状态 | 备注 |
| 1 | 295811 | 202958111 | 社科库309/309社科库 10排2列3层/ [索取号:K891.26/L085] | 在馆 | |
| 2 | 295812 | 202958120 | 社科库309/ [索取号:K891.26/L085] | 在馆 | |
| 3 | 295813 | 202958139 | 社科库309/309社科库 10排2列3层/ [索取号:K891.26/L085] | 在馆 |